|
|
|
|
| LEADER |
00000nab a2200000 a 4500 |
| 001 |
vtls000534017 |
| 003 |
SK-MaSNL |
| 005 |
20260304094839.0 |
| 008 |
250425c1994 xo 0 slo |
| 015 |
|
|
|a SNBRB19rr/mm-uuuuu
|
| 035 |
|
|
|a CL0534155
|
| 035 |
|
|
|a urn:nbn:sk:snk-abbot4
|
| 035 |
|
|
|a (urnnbn)urn:nbn:sk:snk:ar-002m8x
|
| 035 |
|
|
|a (uuid)5c5012a4-8a98-4e2c-a4be-719f29fb7beb
|
| 040 |
|
|
|a SNKBUCL
|b slo
|c SNKBUCL
|e AACR2
|
| 041 |
0 |
|
|a slo
|
| 044 |
|
|
|a xo
|c SK
|
| 080 |
|
|
|a 82.09:885.4-3(048)
|2 1981
|
| 080 |
|
|
|a 885.4-3(048)
|2 1981
|
| 100 |
1 |
|
|a Uličný, Peter
|4 aut
|9 276061
|
| 245 |
1 |
0 |
|a Blízky márnici a predsa nie márny...
|c Peter Uličný
|
| 500 |
|
|
|a V rubrike Štyri pohľady na...
|
| 650 |
0 |
7 |
|a prózy experimentálne
|2 snkbucl
|9 944277
|
| 655 |
|
7 |
|a články z novín a časopisov
|2 snkbucl
|9 267496
|
| 700 |
1 |
|
|a Vadas, Marek,
|d 1971-
|4 aut
|9 102149
|
| 773 |
0 |
|
|t Dotyky
|g Roč. 6, č. 10 (1994), s. 22-23
|
| 787 |
0 |
8 |
|i Rec.:
|a Vadas, Marek
|t Malý román
|d Bratislava : Koloman Kertész Bagala, 1994
|
| 850 |
|
|
|a Slovenská národná knižnica
|
| 852 |
|
|
|a Slovenská národná knižnica
|
| 958 |
|
|
|a article15
|
| 958 |
|
|
|a OND
|
| 958 |
|
|
|a RK
|
| 958 |
|
|
|a LX
|
| 958 |
|
|
|a EUIPO
|
| 992 |
|
|
|a RBX
|
| 999 |
|
|
|c 2829269
|d 2831199
|